Teens Club 2º Medio: work book
Guardado en:
| Autor principal: | |
|---|---|
| Formato: | Libro |
| Lenguaje: | inglés |
| Publicado: |
s.l
Ediciones R y B
2016
|
| Edición: | 1a. ed |
| Materias: | |
| Etiquetas: |
Agregar Etiqueta
Sin Etiquetas, Sea el primero en etiquetar este registro!
|
MARC
| LEADER | 00000cam a2200000 a 4500 | ||
|---|---|---|---|
| 001 | UCD9829 | ||
| 003 | CL-VaPUC | ||
| 008 | 170709e20160000cl |||||||||||||||||eng|d | ||
| 020 | |a 9789568694425 | ||
| 082 | 0 | 4 | |a 418.00712 |b ALV |2 21 |
| 100 | 0 | |a Alvarado Jantus, Lina |e author |9 593587 | |
| 245 | 1 | 0 | |a Teens Club 2º Medio: work book |
| 250 | |a 1a. ed | ||
| 300 | |a 35 p | ||
| 942 | |c BK | ||
| 945 | |d 20170709 17:01:00 |a dcastane | ||
| 260 | |a s.l |b Ediciones R y B |c 2016 | ||
| 650 | 0 | |a Enseñanza de idiomas |9 339820 | |
| 650 | 0 | |a Enseñanza del inglés |9 367340 | |
| 650 | 0 | |a Libros de texto |9 270019 | |
| 650 | 0 | |a Métodos de enseñanza |9 270413 | |
| 583 | |a last modification |c 20170824 03:26:39 |k Rodrigo Vera | ||
| 999 | |c 368848 |d 368846 | ||
| 952 | |0 0 |1 0 |3 erb |4 0 |6 418_007120000000000_ALV_2016 |7 0 |8 A |9 484293 |a BIBEDU |b BIBEDU |i 5405874 |o 418.00712 ALV 2016 |p 5405874 |r 2023-01-12 |w 2019-11-24 |y BK |z Catalogado en:20170709 |k EPE | ||